1198 1591 1192 1909 1671 1096 1040 1519 1185 1414 1333 1281 1978 1717 1252 1531 1693 1064 1992 1347 1113 1450 1158 1551 1186 1435 1774 1443 1990 1099 1760 1693 1753 1338 1731 1407 1129 2000 1826 1632 1515 1531 1784 1040 1135 1015 1771 1347 1466 1268 1370 1041 1532 1788 1591 1370 1487 1395 1877 1043 1576 1906 1768 1871 1939 1431 1815 1809 1514 1706 1016 1211 1977 1774 1041 1865 1877 1964 1023 1879 1974 1270 1783 1136 1675 1401 1918 1193 1217 1747 1785 1876 1382 1306 1673 1367 1494 1436 1716 BCNSPRNW ULIB Ver.6.0+V

เปลี่ยนเป็นภาษาไทย

Change to English
 แสดงรายละเอียดบรรณานุกรม
  กลับหน้าหลัก

Brief Record : Get Marc (ISO 2709) : E-mail record : QR code < ปิดหน้าต่าง
LEADER : 00000nam 2200000uu 4500
001    13399126071
003     ULIB
008    180525s2555||||th 000 0 tha d
020    ^a9786167742014
040    ^absi
060 04 ^aW62^bส713ท
100 0  ^aสำลี ใจดี
245 00 ^aทักษะการสื่อสารกับผู้ป่วย /^cบรรณาธิการ,สำลี ใจดี
250    ^aพิมพ์ครั้งที่ 1
260    ^aกรุงเทพฯ :^bมูลนิธิเพื่อเด็กพิการ,^c2555
300    ^a60 หน้า :^bภาพประกอบ ;^c26 ซม.
500    ^aทักษะการสื่อสารกับผู้ป่วย (การปฏิบัติต่อผู้ป่วย)เป็นตำราพื้นฐานในการเรียนหลักสูตรการประกอบโรคศิลปะสาขาการแพทย์แผนไทย ประเภทการนวดไทย (หมอนวดไทย)ตามพระราชบัญญัติการประกอบโรคศิลปะ พ.ศ. 2542
650  4 ^aการสื่อสารกับผู้ป่วย
650  4 ^aการสื่อสารทางการแพทย์
650  4 ^aการแพทย์แผนไทย
710 2  ^aมูลนิธิเพื่อเด็กพิการ
710 2  ^aมูลนิธิสาธารณสุขกับการพัฒนา
710 2  ^aมูลนิธิพัฒนาการแพทย์แผนไทย
945    ^p40^l0^i003995
945    ^p40^l0^i003996
945    ^p40^l0^i003997
945    ^p40^l0^i003998
945    ^p40^l0^i003999
999    ^aประนอม เกษจรัล
รายการนี้ยังไม่มีแท็ก
คุณยังไม่ได้ล็อกอิน คุณสามารถมีกิจกรรมร่วมกับเว็บไซต์ได้ แต่ต้องล็อกอินก่อน ::
  ล็อกอิน

รายการสื่อสารสนเทศ

ลำดับที่ ประเภท เลขเรียก/บาร์โค้ด สถานที่ สถานะ
1. หนังสือสำรอง
หนังสือสำรอง
W62 ส713ท ฉ.1 
  Barcode: 003995
ห้องสมุดวิทยาเขตสวรรค์ประชารักษ์
►ส่วนจัดเก็บหนังสือเก่า สปร
บนชั้น
  ขอยืม
2. วิทยาศาสตร์การแพทย์ และสุขภาพ
วิทยาศาสตร์การแพทย์ และสุขภาพ
W62 ส713ท ฉ.2 
  Barcode: 003996
ห้องสมุดวิทยาเขตสวรรค์ประชารักษ์
►ส่วนจัดเก็บหนังสือเก่า สปร
บนชั้น
  ขอยืม
3. วิทยาศาสตร์การแพทย์ และสุขภาพ
วิทยาศาสตร์การแพทย์ และสุขภาพ
W62 ส713ท ฉ.3 
  Barcode: 003997
ห้องสมุดวิทยาเขตสวรรค์ประชารักษ์
►ส่วนจัดเก็บหนังสือเก่า สปร
บนชั้น
  ขอยืม
4. วิทยาศาสตร์การแพทย์ และสุขภาพ
วิทยาศาสตร์การแพทย์ และสุขภาพ
W62 ส713ท ฉ.4 
  Barcode: 003998
ห้องสมุดวิทยาเขตสวรรค์ประชารักษ์
►ส่วนจัดเก็บหนังสือเก่า สปร
บนชั้น
  ขอยืม
5. วิทยาศาสตร์การแพทย์ และสุขภาพ
วิทยาศาสตร์การแพทย์ และสุขภาพ
W62 ส713ท ฉ.5 
  Barcode: 003999
ห้องสมุดวิทยาเขตสวรรค์ประชารักษ์
►ส่วนจัดเก็บหนังสือเก่า สปร
บนชั้น
  ขอยืม

รายการใกล้เคียง
    ผู้แต่ง [สำลี ใจดี]

    หัวเรื่อง [การสื่อสารกับผู้ป่วย]
    หัวเรื่อง [การสื่อสารทางการแพทย์]
    หัวเรื่อง [การแพทย์แผนไทย]

BibComment


ยังไม่เคยถูกคอมเมนท์

คอมเมนท์ทรัพยากรรายการนี้
  คอมเมนท์: ทักษะการสื่อสารก..


 Copyright 2026. Bcnsprnw @Library